| 000 | 00966 a2200157 4500 | ||
|---|---|---|---|
| 020 | _a0750652934 | ||
| 040 |
_aLibrary of Congress _bEnglish |
||
| 100 | 1 | _aMatthewson, J. A. | |
| 245 | 1 | 0 |
_ae-Business :a jargon-free practical guide _cJ.A. Matthewson. |
| 260 |
_aOxford : _bButterworth Heinemann, _c2002. |
||
| 300 |
_axi, 191 p. : _bill. ; _c24 cm. |
||
| 500 | _aIncludes index. | ||
| 520 | 1 | _a"e-Business: a jargon-free practical guide presents a clear, second-generation account of how your business can harness the latest technology to flourish in the transformed commercial climate of the 21st century." "With its emphasis firmly on the business and marketing implications of new technology, the book adopts a hands-on, practical approach, systematically demonstrating how and why businesses should adapt their operations to make the very most of the exciting opportunities available."--BK JACKET. | |
| 650 | 0 | _aElectronic commerce. | |
| 942 |
_cBK _k658.84 MAT _2ddc |
||
| 999 |
_c8727 _d8727 |
||